000 01276 a2200229 4500
001 57123
005 20260407155834.0
008 260407a1995 arg spa d
003 AR-UNSa-BCEJYS
040 _aAR-UNSa-BCEJYS
_bspa
_cAR-UNSa-BCEJYS
080 _a342
_xDerecho constitucional (Derecho Público)
245 1 0 _aDecretos de necesidad y urgencia
_plímites y control
020 _a950-14-0811-6
264 1 _aBuenos Aires :
_bEdiciones Depalma
_c1995
300 _a307 p.
_c23 cm.
505 _a1. Conceptos generales acerca de la normativa de necesidad y urgencia – 2. Crisis del principio de división de poderes – 3. Estado de emergencia jurídico-político – 4. El supuesto factico – 5. Consecuencias de admitir el estado de necesidad como fundamento de legitimidad del decreto de necesidad y urgencia – 6. Límites de los decretos de necesidad y urgencia – 7. El control de los decretos de necesidad y urgencia – 8. Control político por el poder legislativo – 9. El control por los jueces – 10.control popular
041 _aspa
942 _cBK
590 _aniveau_biblio:m niveau_hierar:0
100 1 _aPérez Hualde, Alejandro
856 4 1 _uhttps://www.biblioeco.unsa.edu.ar/pmb/images/libros/L128701.jpg
_yImagen de portada
_qimage/jpeg
999 _c6123
_d6123